La ciudad en la obra de Borromini y otros ensayos

محفوظ في:
التفاصيل البيبلوغرافية
المؤلف الرئيسي: Modiano V., Ignacio (autor)
التنسيق: كتاب
اللغة:الإسبانية
الإنجليزية
منشور في: Santiago Ediciones del Pirata 1988
الطبعة:1a. ed
الموضوعات:
الوسوم: إضافة وسم
لا توجد وسوم, كن أول من يضع وسما على هذه التسجيلة!

MARC

LEADER 00000cam a2200000 a 4500
001 UCD9830
003 CL-VaPUC
008 170709e19880000cl |||||||||||||||||spa|d
041 0 7 |a spa  |2 CL-VaPUC 
041 0 7 |a eng  |2 CL-VaPUC 
082 0 4 |a 721  |b MOD  |2 21 
100 |a Modiano V., Ignacio  |e autor  |9 370809 
245 1 3 |a La ciudad en la obra de Borromini y otros ensayos 
250 |a 1a. ed 
300 |a 107 p 
942 |c BK 
945 |d 20170709 17:01:00  |a dcastane 
260 |a Santiago  |b Ediciones del Pirata  |c 1988 
600 0 7 |a BORROMINI, FRANCESCO  |2 CL-VaPUC  |9 266042 
650 0 |a Filosofía de la arquitectura  |9 267382 
650 0 |a Arquitectura barroca   |9 266043 
583 |a last modification  |c 20170709 17:01:00  |k Rodrigo Vera 
999 |c 368849  |d 368847 
952 |0 0  |1 0  |3 erb  |4 0  |6 721_000000000000000_MOD_1988  |7 0  |8 A  |9 484294  |a BIBARQ  |b BIBARQ  |i 5406528  |o 721 MOD 1988  |p 5406528  |r 2025-01-20  |w 2019-11-24  |y BK  |z Catalogado en:20170709  |k ARQ